000 00656nam a2200205Ia 4500
003 GCL
008 140319s9999 xx 000 0 ara d
040 _aGCL /
_cGCL
082 0 4 _a257.2
_bم ن
100 1 _aمحمد امين صالح
245 1 0 _aالنظام المالى والاقتصادى فى الاسلام /
_cمحمد امين صالح
260 _a[S.N] :
_bمكتبة نهضة مصر ،
_c1984
300 _a222 ص
490 _a
650 0 4 _aالاسلام
650 0 4 _aالاقتصاد الاسلامى
650 0 4 _aالنظام المالى فى الاسلام
650 0 4 _aالبنوك الاسلامية
942 _2ddc
_cBK
999 _c35056
_d35056